Statystyki dla Miasta w województwie małopolskim.

Kliknij tutaj aby rozwiązać quiz!

Ogólne statystyki

  • Ten quiz został rozwiązany 68 razy
  • Średni wynik to 40 z 64

Statystyki odpowiedzi

miastaLIczba ludności% Poprawnych
Kraków802 800
98%
Nowy Sącz80 756
98%
Nowy Targ33 293
98%
Chrzanów36 575
95%
Oświęcim37 231
95%
Tarnów105 922
95%
Olkusz35 170
93%
Wieliczka27 122
93%
Zakopane27 010
93%
Limanowa15 012
90%
Myślenice18 366
88%
Wadowice18 230
88%
Bochnia29 718
85%
Gorlice25 944
83%
Andrychów19 668
78%
Krynica Zdrój10 568
78%
Miechów11 569
78%
Proszowice5 989
78%
Brzesko16 819
75%
Dąbrowa tarnowska11 828
73%
Skawina24 310
73%
Sucha Beskidzka8 913
73%
Kęty18 372
70%
Rabka-Zdrój12 286
70%
Stary Sącz8 740
70%
Niepołomice16 276
68%
Trzebinia19 663
68%
Zator3 664
68%
Kalwaria Zebrzydowska4 454
65%
Muszyna4 540
65%
Krzeszowice9 975
63%
Maków Podhalański5 604
63%
Libiąż16 187
60%
Mszana Dolna7 889
60%
Piwniczna-Zdrój5 860
60%
Skała3 801
60%
Słomniki4 321
60%
Szczawnica5 369
60%
Wolbrom8 240
60%
Jordanów5 366
58%
Koszyce769
53%
Alwernia3 344
50%
Nowe Brzesko1 627
50%
Biecz4 607
48%
Ciężkowice2 506
48%
Nowy Wiśnicz2 782
48%
Czarny Dunajec3 772
45%
Grybów5 982
45%
Żabno4 200
45%
Bobowa3 074
43%
Brzeszcze11 192
43%
Bukowno10 106
43%
Szczucin4 111
43%
Świątniki Górne2 438
40%
Wojnicz3 104
40%
Tuchów6 594
38%
Dobczyce6 427
33%
Radłów2 671
33%
Zakliczyn1 583
33%
Książ Wielki817
30%
Sułkowice6 520
30%
Chełmek9 031
28%
Czchów2 340
28%
Ryglice2 836
28%

Rozkład punktacji

Percentyl według liczby udzielonych odpowiedzi

Procent ludzi z każdym wynikiem

Twoja historia wyników

Nie rozwiązałeś tego quizu